02538 2200241 4500001002100000005001500021035002000036245004700056100002600103300002600129700001900155260004100174082001000215084001600225020002200241650001400263650002400277520189700301008004102198990001902239990001902258990001902277INLIS00000000001460920250225023350 a0010-02250000381 aGeografi penduduk /cIda Bagus Made Astawa0 aIda Bagus Made Astawa axix, 273 hlm.; 23 cm.0 aI Made Sarmita aDepok :bRajagrafindo Persada,c2018 a304.6 a304.6 IDA g a978-602-425-372-1 aDemografi aPenduduk, Kepadatan aFenomena kependudukan hampir terjadi di berbagai belahan dunia, tak terkecuali di Indonesia. Fenomena kependudukan tersebut, tentu saja perlu dipahami secara komprehensif, dianalisis variasinya, dan alasan mengapa fenomena kependudukan berbeda antarruang dan wilayah. Buku ini hadir dengan maksud memberikan pemahaman semacam itu dan dengan diharapkan tersusunnya buku ini kemampuan dalam memahami fenomena kependudukan khususnya dalam konteks kegeografian (aspek-aspek keruangan penduduk) dapat diperjelas dan diperluas. Mengangkat topik tentang geografi kependudukan, buku ini terdiri dari beberapa pembahasan. Pada awal pembahasan, buku ini dibuka dengan pembahasan yang mengantarkan pembaca pada pentingnya mempelajari geografi penduduk. Disusul dengan pembahasan tentang konsep dasar geografi penduduk dan sumber-sumber data penduduk. Selanjutnya disajikan pembahasan mengenai komposisi penduduk dalam perspektif ruang serta pembahasan ihwal penduduk bumi dan perkembangannya. Berikutnya dihidangkan pembahasan tentang mortalitas dan pembangunan serta pembahasan tentang variasi mortalitas dunia. Lalu disambung dengan pembahasan terkait konsep dasar dan pola fertilitas serta transisi demografi, dan pembahasan mengenai variasi fertilitas di bumi. Lantas dilanjutkan dengan pembahasan seputar konsep dasar mobilitas penduduk, pengukuran, dan migrasi internal, serta pembahasan terkait migrasi internasional dan transisi mobilitas. Di bagian akhir buku ini dibahas tentang pertumbuhan penduduk dan tantangannya. Buku ini diperuntukkan tidak saja bagi para akademisi, namun juga bagi para mahasiswa, terutama yang berasal baik dari Program Studi Geografi atau Studi Ilmu Sosial dan Humaniora. Selain itu, buku ini juga dapat dijadikan bacaan bagi masyarakat yang memiliki minat dengan tema geografi dan kependudukan atau mereka yang ingin mengenal lebih dekat geografi kependudukan.250225 e 0 ind  a024.3390/PC/24 a024.3391/PC/24 a024.3392/PC/24